000 00785nac a22002051u 4500
020 _a8120321928
082 _a621.31.
_bSi643
090 _c2844
_d2844
100 _aSingh ,S.N.
245 _aElectric power generation, transmission, and distribution/
_cS.N.Singh.
260 _aNew Delhi:2006.
_bPrentice-Hall Of India;
_cc.2006.
300 _a406p.:
_bill,
_c25cm.
490 _aEastern Economy Edition.
504 _aIncludes bibliography and Index.
650 _aElectric power production.
650 _aElectric power distribution.
650 _aElectric power transmission.
942 _cBB
_k621.31.Si643
999 _c2844
_d2844